LEADER 02289nas1 2200445 n 450 001 990000000940503321 005 20240229082511.0 011 $a0390-0460 035 $a000000094 035 $aFED02000000094 035 $a(Aleph)000000094FED02 091 $2CNR$aP 00079319 100 $a20091027a19729999km-y0itaa50------ba 101 0 $aita 102 $aIT 110 $aauu-------- 200 1 $aMicologia italiana 207 1$a1972-2013 210 $aBologna$cPatron 326 $aQuadrimestrale 391 $a1997- 530 0 $aMicologia italiana 675 $a582 712 02$aUnione micologica italiana 801 0$aIT$bACNP$c20090723 859 4 $uhttp://acnp.cib.unibo.it/cgi-ser/start/it/cnr/dc-p1.tcl?catno=52576&person=false&language=ITALIANO&libr=&libr_th=unina$zBiblioteche che possiedono il periodico 901 $aSE 912 $a990000000940503321 958 $aBiblioteca Dipartimento di Arboricoltura, Botanica e Patologia Vegetale-Sez. Patologia vegetale-Università Federico II di Napoli$b1972-1999;$fDAGPV 958 $aBiblioteca Centralizzata. Facoltà di Agraria dell'Università Federico II di Napoli$b1978-2013.$fFAGBC 958 $aBiblioteca. Dipartimento di Scienze biologiche. Sez. di Biologia vegetale. Università degli studi di Napoli Federico II$b1974-1990;1993-1999;$c1995;1998;$fDBV 959 $aDAGPV 959 $aFAGBC 959 $aDBV 996 $aMicologia italiana$985568 997 $aUNINA AP1 8 $6866-01$aNA086 Biblioteca Dipartimento di Arboricoltura, Botanica e Patologia Vegetale-Sez. Patologia vegetale-Università Federico II di Napoli$ev. Università,100, 80055 Portici (NA)$m08125.39322$nit AP1 8 $6866-02$aNA087 Biblioteca Centralizzata. Facoltà di Agraria dell'Università Federico II di Napoli$ev. Università, 100 Palazzo Reale, 80055 Portici (NA)$m081-2539322$m081-7760229$nit AP1 8 $6866-03$aNA163 Biblioteca. Dipartimento di Scienze biologiche. Sez. di Biologia vegetale. Università degli studi di Napoli Federico II$ev. Foria,223, Napoli (NA)$m(081) 440681$m(081) 450165$nit AP2 40$aacnp.cib.unibo.it$nACNP Italian Union Catalogue of Serials$uhttp://acnp.cib.unibo.it/cgi-ser/start/it/cnr/df-p.tcl?catno=52576&language=ITALIANO&libr=&person=&B=1&libr_th=unina&proposto=NO